Electoral System Design : (Record no. 247)

MARC details
000 -LEADER
fixed length control field 01700cam a2200397 a 4500
001 - CONTROL NUMBER
control field 14267479
003 - CONTROL NUMBER IDENTIFIER
control field OSt
005 - DATE AND TIME OF LATEST TRANSACTION
control field 20230605094234.0
008 - FIXED-LENGTH DATA ELEMENTS--GENERAL INFORMATION
fixed length control field 060215s2005 sw a bf 001 0 eng
010 ## - LIBRARY OF CONGRESS CONTROL NUMBER
LC control number 2006374561
020 ## - INTERNATIONAL STANDARD BOOK NUMBER
International Standard Book Number 9185391182 (pbk.)
035 ## - SYSTEM CONTROL NUMBER
System control number (OCoLC)ocm62889528
040 ## - CATALOGING SOURCE
Original cataloging agency UKM
Language of cataloging eng
Transcribing agency UKM
Modifying agency DLC
042 ## - AUTHENTICATION CODE
Authentication code ukblsr
-- lccopycat
050 00 - LIBRARY OF CONGRESS CALL NUMBER
Classification number JF1001
Item number .R45 2005
082 04 - DEWEY DECIMAL CLASSIFICATION NUMBER
Classification number 324.63
Item number REY
100 1# - MAIN ENTRY--PERSONAL NAME
Personal name Reynolds, Andrew,
Dates associated with a name 1967-
245 10 - TITLE STATEMENT
Title Electoral System Design :
Remainder of title The New International IDEA Handbook /
Statement of responsibility, etc. Andrew Reynolds, Ben Reilly, and Andrew Ellis ; with José Antonio Cheibub ... [et al.].
260 ## - PUBLICATION, DISTRIBUTION, ETC. (IMPRINT)
Place of publication, distribution, etc. Stockholm, Sweden :
Name of publisher, distributor, etc. International Institute for Democracy and Electoral Assistance,
Date of publication, distribution, etc. c2005.
300 ## - PHYSICAL DESCRIPTION
Extent ix, 223 p. :
Other physical details ill. (some col.) ;
Dimensions 25 cm.
490 1# - SERIES STATEMENT
Series statement Handbook series
501 ## - WITH NOTE
With note Map
504 ## - BIBLIOGRAPHY, ETC. NOTE
Bibliography, etc Includes bibliographical references and index.
650 #0 - SUBJECT ADDED ENTRY--TOPICAL TERM
Topical term or geographic name as entry element Elections
Form subdivision Handbooks, manuals, etc.
650 #0 - SUBJECT ADDED ENTRY--TOPICAL TERM
Topical term or geographic name as entry element Elections
Form subdivision Case studies.
700 1# - ADDED ENTRY--PERSONAL NAME
Personal name Reilly, Ben.
700 1# - ADDED ENTRY--PERSONAL NAME
Personal name Ellis, Andrew,
Dates associated with a name 1952 May 19-
710 2# - ADDED ENTRY--CORPORATE NAME
Corporate name or jurisdiction name as entry element International Institute for Democracy and Electoral Assistance.
830 #0 - SERIES ADDED ENTRY--UNIFORM TITLE
Uniform title Handbook series (International Institute for Democracy and Electoral Assistance)
856 41 - ELECTRONIC LOCATION AND ACCESS
Materials specified Table of contents only
Uniform Resource Identifier <a href="http://www.loc.gov/catdir/toc/fy0607/2006374561.html">http://www.loc.gov/catdir/toc/fy0607/2006374561.html</a>
856 42 - ELECTRONIC LOCATION AND ACCESS
Materials specified Contributor biographical information
Uniform Resource Identifier <a href="http://www.loc.gov/catdir/enhancements/fy0629/2006374561-b.html">http://www.loc.gov/catdir/enhancements/fy0629/2006374561-b.html</a>
856 42 - ELECTRONIC LOCATION AND ACCESS
Materials specified Publisher description
Uniform Resource Identifier <a href="http://www.loc.gov/catdir/enhancements/fy0629/2006374561-d.html">http://www.loc.gov/catdir/enhancements/fy0629/2006374561-d.html</a>
906 ## - LOCAL DATA ELEMENT F, LDF (RLIN)
a 7
b cbc
c copycat
d 4
e ncip
f 20
g y-gencatlg
942 ## - ADDED ENTRY ELEMENTS (KOHA)
Source of classification or shelving scheme Dewey Decimal Classification
Koha item type Books
Holdings
Withdrawn status Lost status Source of classification or shelving scheme Damaged status Not for loan Home library Current library Date acquired Total Checkouts Full call number Barcode Date last seen Price effective from Koha item type
    Dewey Decimal Classification     Bunge Tower Library Bunge Tower Library 06/05/2023   324.63 REY 10014539 06/05/2023 06/05/2023 Books
    Dewey Decimal Classification     Bunge Tower Library Bunge Tower Library 06/05/2023   324.63 REY 10014540 06/05/2023 06/05/2023 Books
LIBRARY OPENING HOURS

When the Parliament is sitting: 8.00a.m - 7.00p.m or until the house adjourns
Mondays and Fridays and when the House is on Recess:  8.00a.m - 5.00p.m
Closed on Weekends and Public Holidays

Online Public Access Catalog (OPAC)
Website: http://www.parliament.go.ke
Bunge Library: https://libraryir.parliament.go.ke
Contact: library@parliament.go.ke | Tel no: (254-2)2221291 or 2848000 Ext 5043